000 00485nam a2200205 u 4500
005 20240925064005.0
008 160418s2012 r 000 0 eng d
020 _a9786077514602
035 _aUPN01000209609
049 _aCG
050 4 _aHQ1227
_bE4.4
245 0 0 _aEllas por ellos.
260 _aMéxico :
_bCONAPRED,
_c2012.
300 _a162 p. :
_bil.
440 0 _aMatices
650 2 _aMujeres
_97160
650 4 _aFeminismo
_98967
905 _aLibro
999 _c181710
_d181710